| 000 | 00736nam a2200205 i 4500 | ||
|---|---|---|---|
| 001 | 57510 | ||
| 003 | ES-MaACL | ||
| 007 | t| | ||
| 008 | 031016s1968 sp ||||1| spa d | ||
| 100 | 1 |
_aDolenek, A. _945019 |
|
| 245 | 1 | 0 |
_aAtlas de retinopatía diabética / _cpor A. Dolenek y A. Takac ; prólogo para la edición española Enrique Salgado ; prólogo por Günther y G. Moknique ; [versión JuanDíaz Vázquez]. |
| 260 |
_aBarcelona, etc. : _bCientífico Médica, _c1968. |
||
| 300 |
_aXV, 82 p. ; _c29 cm. |
||
| 700 | 1 |
_aTakac, A. _9109096 |
|
| 700 | 1 |
_aSalgado, Enrique. _9101895 |
|
| 700 | 1 |
_aGünther, G. _960961 |
|
| 700 | 1 |
_aMoknique, G. _981833 |
|
| 700 | 1 |
_aDíaz Vázquez, J. _944450 |
|
| 852 |
_aES-MaACL _jG-5464 _bR.65816 |
||
| 999 |
_c57510 _d57510 |
||